| 000 | 00403cam a2200157ua 4500 | ||
|---|---|---|---|
| 041 |
_aeng _h |
||
| 082 |
_a810 _bHAR/OX |
||
| 100 | _aHart, James D . | ||
| 245 |
_aOxford companion to American literature / _cJames D Hart. _hTextual Documents |
||
| 250 |
_a3 / _b. |
||
| 260 |
_aNew York : _bOxford University Press , _c1956. |
||
| 300 | _a890 ; . | ||
| 504 | _a | ||
| 942 | _cBK | ||
| 999 |
_c5123 _d5123 |
||